Características sociodemográficas de los estudiantes de las universidades estatales.1996

Dades bibliogràfiques
Autor corporatiu: Consejo Nacional de Rectores. Oficina de Planificación de la Educación Superior
Format: Llibre
Idioma:idioma desconegut
Publicat: San José, Costa Rica : OPES, 1997
Matèries:

MARC

LEADER 00000nam a2200000Ia 4500
008 141002s1999 cr 000 | und d
999 |c 1779  |d 1779 
090 |a 06.03.06  |b  194 
110 2 |a Consejo Nacional de Rectores. Oficina de Planificación de la Educación Superior  |9 44 
245 1 0 |a Características sociodemográficas de los estudiantes de las universidades estatales.1996 
260 |a San José, Costa Rica :   |b OPES,   |c 1997 
300 |a 280 páginas 
650 1 4 |a EDUCACIÓN SUPERIOR  |9 8 
650 1 4 |a ESTUDIANTES   |9 332 
650 1 4 |a CONDICIONES ECONÓMICAS  |9 269 
650 1 4 |a CONDICIONES SOCIALES  |9 1681 
650 1 4 |a INSTITUCIONES DE ENSEÑANZA SUPERIOR  |9 788 
650 1 4 |a DATOS ESTADÍSTICOS  |9 452 
942 |i 00229  |h 06.03.06 194  |2 z  |c 01